Responses for Show #6176 - Monday, June 20, 2011

Jay Rhee game 1.

Contestants

[<< previous game]

Jay Rhee, an oncologist from Annapolis, Maryland

Sam Fleming, a retired high school science teacher from Chickasaw, Alabama

Danielle Harlow, a personal assistant originally from Dayton, Ohio (whose 1-day cash winnings total $14,700)

[next game >>]

Jeopardy! Round responses

SHAKESPEARE CHARACTERS' DYING WORDS
A FANCY DRESS BAWL
ROUND & ROUND WE GO
27 IS HEAVEN
SELLING "B"
11-LETTER WORDS
    $200 1
(Jay: Who is Juliet?)

Cleopatra

DanielleJay
    $200 25
Miss America

Jay
    $200 13
lapped

Danielle
    $200 20
the 27th Amendment

Jay
    $200 3
Band-Aids

Jay
    $200 8
opportunity

Danielle
    $400 2
Macbeth

Sam
    $400 26
South Africa

Danielle
    $400 16
Swirl

Sam
    $400 21
St. Louis

Jay
    $400 4
Boo Berry

Sam
    $400 9
orientation

Jay
    $600 14
Hamlet

Triple Stumper
    $600 27
the Altar

Jay
    $600 17
loop-de-loop

Danielle
    $600 22
Matthew & Revelation

Jay
    $600 5
a Buick

Sam
    $800 10
clandestine

Jay
    $800 15
(Danielle: Who is Juliet?)

Othello

DanielleJay
    $800 28
(Danielle: Who is Jeannie Garth?)
(Jay: Who is Shannen Doherty?)
[The end-of-round signal sounds.]

Jennie Garth

DanielleSamJay
    $800 18
a roundabout

Jay
    $800 23
(Jay: Who is Tiberius?)
(Sam: Who is Claudius?)
...
(Alex: With a minute to go.)

Caesar Augustus

SamJay
Triple Stumper
    $800 6
Braun

Jay
    $800 11
a discography

Sam
    $1000 19
a whirlpool

Danielle
    $1000 24
Verdi

Sam
    $1000 7
(Sam: What is Buitoni?)
(Danielle: Who is Chef Boyardee?)
(Jay: What is Barilla?)
...
(Alex: I didn't realize there were so many B's in the food industry.)

Bertolli

DanielleSamJay
Triple Stumper
    $1000 12
milquetoast

Jay

Scores at the first commercial break (after clue 15):

Danielle Sam Jay
-$1,200 $1,200 $2,800

Scores at the end of the Jeopardy! Round:

Danielle Sam Jay
$0 $2,600 $4,000

Double Jeopardy! Round responses

NORTHERN CALIFORNIA HISTORY
REGGAE
WHEN THINGS GO WRONG
PEOPLE WHO MATTERED
USE YOUR ARITHMETIC
RHYME TIME
    $400 26
Alcatraz

Danielle
    $400 27
[The end-of-round signal sounds.]

ska

Sam
    $400 11
gingivitis

Jay
    $400 6
CBS

Sam
    $400 24
3

Jay
    $400 1
a weird beard

Sam
    $800 23
the Golden Gate Bridge

Sam
    $1,000 25
"Exodus"

Jay
    $800 12
ulcers

Jay
    $800 7
the frisbee

Triple Stumper
    $800 2
an iPod tripod

Jay
    $1200 17
Jim Jones

Jay
    $1200 19
"I Shot the Sheriff"

Jay
    $1200 13
varicose veins

Sam
    $1200 8
Bartlett's

Sam
    $2,000 16
(Jay: What is 1?)
...
(Alex: 8 reindeer, 9 members of the Supreme Court.)

-1

Jay
    $1200 3
a fish dish

Sam
    $1600 18
John Fremont

Triple Stumper
    $1600 20
the Maytals

Danielle
    $1600 14
apnea

Sam
    $1600 9
the Smithsonian

Jay
    $1600 4
a sassy lassie

Danielle
    $2000 22
(Danielle: What is a black bear?)

the Bear Flag Revolt

Danielle
Triple Stumper
    $2000 21
(Danielle: Who is Bob Marley?)

Jimmy Cliff

Danielle
Triple Stumper
    $2000 15
the metacarpals

Jay
    $2000 10
Tyler

Jay
    $2000 5
dingo lingo

Sam

Scores at the end of the Double Jeopardy! Round:

Danielle Sam Jay
-$400 $11,800 $13,400

[wagering suggestions for these scores]

Final Jeopardy! Round responses

MOVIE CHARACTER NAMES
(Alex: Lionel [*], you are correct, as in mono[*].)
SamWhat is Lalia?
$7,200
JayWhat is Logue? Logue?
$10,201
Logue

Final scores:

Danielle Sam Jay
-$400 $4,600 $23,601
3rd place: $1,000 2nd place: $2,000 New champion: $23,601

Game dynamics:

Coryat scores:

Danielle Sam Jay
-$400 $11,800 $15,000
9 R,
5 W
16 R,
2 W
22 R
(including 2 DDs),
5 W
(including 1 DD)

Combined Coryat: $26,400

[game clues] [game scores] [suggest correction]

Game tape date: 2011-03-01
The J! Archive is created by fans, for fans. Scraping, republication, monetization, and malicious use prohibited; this site may use cookies and collect identifying information. See terms. The Jeopardy! game show and all elements thereof, including but not limited to copyright and trademark thereto, are the property of Jeopardy Productions, Inc. and are protected under law. This website is not affiliated with, sponsored by, or operated by Jeopardy Productions, Inc. Join the discussion at JBoard.tv.